000 00306nam a22001337a 4500
999 _c15514
_d15514
003 OSt
008 180823b ||||| |||| 00| 0 eng d
082 _a690.0223
_bDES/BU
100 _aDeshpande, N.K
_93284
245 _aElements of building drawing
260 _aPoona
_c1961
300 _a153
942 _cBK